Thương nhớ mười hai: Ký ; Tuyển tập Vũ Bằng :

Shranjeno v:
Bibliografske podrobnosti
Glavni avtor: Vũ Bằng
Format: Knjiga
Jezik:Undetermined
Izdano: Hà Nội Hội Nhà văn 2015
Teme:
Oznake: Označite
Brez oznak, prvi označite!
Thư viện lưu trữ: Trung tâm Học liệu Trường Đại học Cần Thơ
LEADER 00628nam a2200193Ia 4500
001 CTU_210018
008 210402s9999 xx 000 0 und d
082 |a 895.922803 
082 |b V500/P.1 
100 |a Vũ Bằng 
245 0 |a Thương nhớ mười hai: Ký ; Tuyển tập Vũ Bằng : 
245 0 |c Vũ Bằng 
260 |a Hà Nội 
260 |b Hội Nhà văn 
260 |c 2015 
650 |a Vietnamese literature,Văn học Việt Nam 
650 |y 20th century,Thế kỷ 20 
904 |i Trương Thủy Ly, Trúc 
980 |a Trung tâm Học liệu Trường Đại học Cần Thơ